000 02852nam a2200349 i 4500
003 CSPC
005 20260406160206.0
008 260406s2019 cau b 001 0 eng d
010 _a2018964718
020 _a9781473912977
040 _aCSPC
_beng
_cCSPC
_erda
050 4 _aBF637.P36
_b.O234 2019
082 0 4 _223
_a158.3
_bOa2c
100 1 _aOades, Lindsay G.,
_eauthor.
245 1 0 _aCoaching & mentoring research :
_ba practical guide /
_cLindsay G. Oades, Christine L. Siokou, and Gavin R. Slemp.
246 3 0 _aCoaching and mentoring research
264 1 _aLos Angeles :
_bSAGE,
_c2019.
300 _axii, 240 pages ;
_c23 cm.
336 _2rdacontent
_atext
337 _2rdamedia
_aunmediated
338 _2rdacarrier
_avolume
504 _aIncludes bibliographical references and index.
505 0 _aPart I: Becoming a researcher in coaching and mentoring -- Benefits of research -- Impactful research -- Research teams -- Avoiding pitfalls -- Theories of knowledge -- Part II: Phases of the research process -- Choosing a research methodology -- Research scope -- Research questions -- Reviewing literature -- Research proposals -- Research ethics -- Feasible timelines -- Data collection and analysis -- Dissemination of research -- Part III. Quantitative methods for coaching and mentoring research -- Choosing quantitative methods -- Experimental designs -- Survey designs -- Common quantitative methods and analyses -- Developing confidence in statistics -- Part IV. Qualitative and mixed methods for coaching and mentoring research -- Choosing qualitative methods for data collection/generation -- Choosing qualitative methods for data analysis/interpretation -- Programme evaluation and action research -- Case study designs -- Mixed methods.
520 _a"This ... guidebook provides an accessible introduction to research methods and the research process within the coaching and mentoring context. Starting with an introduction to the basic principles of research theory and practice, explaining why we need to do research at all, what it is, why it's important, and moving on to cover the ins and outs of actually doing research, this book provides students with everything they need to know all in one place. Packed full of case studies, activities and hints and tips for best practice, this book throws a life belt to all coaching and mentoring trainees and practitioners looking to make the best start in their research career"--Provided by publisher.
650 0 _aPersonal coaching.
650 0 _aPersonal coaching
_xMethodology.
650 0 _aMentoring.
700 1 _aSiokou, Christine Leanne,
_eauthor.
700 1 _aSlemp, Gavin R.,
_eauthor.
942 _2ddc
_n0
_cBK
_e23
_h158.3
_iOa2c
_kGRD
_m2019
999 _c32221
_d32221